El Camino szerepe a turizmusban

Bibliográfiai részletek
Szerző: Sörös Renáta
További közreműködők: Schultz Éva
Dokumentumtípus: Záródolgozat
Kulcsszavak:Turizmus, vallási
Zarándokturizmus
El Camino
Interjú, Kiss Péter, El Camino de Santiago Zarándok Klub
Elemzés
Online Access:http://dolgozattar.uni-bge.hu/59385

MARC

LEADER 00000nta a2200000 i 4500
001 dolg59385
005 20260114105520.0
008 260114suuuu hu o 000 hun d
040 |a BGE Dolgozattár Repozitórium  |b hun 
041 |a hu 
100 1 |a Sörös Renáta 
245 1 3 |a El Camino szerepe a turizmusban  |c Sörös Renáta  |h [elektronikus dokumentum] 
516 |a Final_paper 
695 |a Turizmus, vallási 
695 |a Zarándokturizmus 
695 |a El Camino 
695 |a Interjú, Kiss Péter, El Camino de Santiago Zarándok Klub 
695 |a Elemzés 
700 1 |a Schultz Éva  |e ths 
856 4 0 |u http://dolgozattar.uni-bge.hu/59385/1/S%C3%B6r%C3%B6s-Renata.pdf  |z Dokumentum-elérés